[Event "AUTO-ELITE-163"]
[Site "http://www.queenalice.com/game.php?id=368174"]
[Date "2008.3.9"]
[Round "1"]
[White "tahlJr"]
[Black "Brodthuhn"]
[Result "1/2-1/2"]
[WhiteElo "2310"]
[BlackElo "2388"]

1. e4 c5 2. Nf3 e6 3. d4 cxd4 4. Nxd4 Nc6 5. Nc3 Nf6 6. Ndb5 d6 7. Bf4 e5 8. Bg5
a6 9. Na3 b5 10. Nd5 Be7 11. Bxf6 Bxf6 12. c3 O-O 13. Nc2 Bg5 14. a4 bxa4 15.
Nce3 Bb7 16. Rxa4 Ne7 17. Nxe7+ Bxe7 18. Nd5 Rb8 19. b3 a5 20. Bc4 Bg5 21. O-O
Bc6 22. Ra3 a4 23. b4 Qd7 24. Qh5 h6 25. h4 Be7 26. Rb1 Bd8 27. Rb2 Kh8 28. Re2
Qc8 29. Re3 f5 30. exf5 Qxf5 31. Qxf5 Rxf5 32. Re4 g5 33. hxg5 Rxg5 34. Kf1 h5
35. g3 Kh7 1/2-1/2

[Event "AUTO-ELITE-163"]
[Site "http://www.queenalice.com/game.php?id=368175"]
[Date "2008.3.9"]
[Round "1"]
[White "Brodthuhn"]
[Black "tahlJr"]
[Result "1-0"]
[WhiteElo "2387"]
[BlackElo "2312"]

1. e4 c6 2. d4 d5 3. e5 Bf5 4. Nc3 e6 5. g4 Bg6 6. Nge2 c5 7. h4 h5 8. Nf4 Bh7
9. Nxh5 Nc6 10. dxc5 Bxc5 11. Bg2 Kf8 12. Bg5 Qb6 13. O-O Be7 14. Na4 Qa5 15. c3
Qc7 16. b4 a5 17. b5 Nxe5 18. Bf4 Bd6 19. Bxe5 Bxe5 20. f4 Bd6 21. Qd4 f6 22.
Rae1 Re8 23. b6 Qf7 24. Nc5 Bxc5 25. Qxc5+ Qe7 26. Qxa5 Bg6 27. f5 Bxh5 28. Rxe6
Qd8 29. Qb4+ Ne7 30. gxh5 Kf7 31. Rd6 Qc8 32. Bxd5+ Nxd5 33. Rxd5 Kg8 34. Rc5
Qb8 35. Rc7 Rxh5 36. Qg4 Rh7 37. Kg2 Kh8 38. a4 Rg8 39. Re1 Qd8 40. Rxb7 1-0

[Event "AUTO-ELITE-163"]
[Site "http://www.queenalice.com/game.php?id=368176"]
[Date "2008.3.9"]
[Round "1"]
[White "tahlJr"]
[Black "toninho89"]
[Result "1/2-1/2"]
[WhiteElo "2311"]
[BlackElo "2310"]

1. e4 e5 2. Nf3 Nc6 3. Bc4 Nf6 4. Ng5 d5 5. exd5 Nxd5 6. Nxf7 Kxf7 7. Qf3+ Ke6
8. Nc3 Nb4 9. Qe4 c6 10. a3 Na6 11. O-O b5 12. Ba2 Nc7 13. f4 Kf7 14. fxe5+ Kg8
15. d4 Be6 16. Qf3 h5 17. Ne4 h4 18. Ng5 Qd7 19. Nxe6 Qxe6 20. a4 Be7 21. axb5
Rf8 22. Qe4 Rxf1+ 23. Kxf1 Nxb5 24. c4 Nb4 25. Bd2 Nd6 26. Qe2 Qf5+ 27. Kg1 Qe4
28. Qf2 Nxa2 29. exd6 Bxd6 30. c5 Bb8 1/2-1/2

[Event "AUTO-ELITE-163"]
[Site "http://www.queenalice.com/game.php?id=368177"]
[Date "2008.3.9"]
[Round "1"]
[White "toninho89"]
[Black "tahlJr"]
[Result "1/2-1/2"]
[WhiteElo "2308"]
[BlackElo "2311"]

1. d4 d5 2. c4 e6 3. Nc3 Nf6 4. Bg5 Be7 5. cxd5 exd5 6. e3 Nbd7 7. Bd3 O-O 8.
Nf3 c6 9. Qc2 Re8 10. O-O Nf8 11. Rab1 h6 12. Bh4 Ne4 13. Bxe7 Qxe7 14. b4 Bf5
15. b5 Nxc3 16. Qxc3 Be4 17. bxc6 Bxf3 18. gxf3 Rac8 19. Kh1 bxc6 20. f4 c5 21.
dxc5 Rxc5 22. Qd4 Ne6 23. Qe5 d4 24. Qe4 f5 25. Qf3 dxe3 26. fxe3 Qf6 27. e4 Rd8
28. exf5 Nd4 29. Qe3 Rc3 1/2-1/2

[Event "AUTO-OPEN-1012"]
[Site "http://www.queenalice.com/game.php?id=438048"]
[Date "2008.7.24"]
[Round "2"]
[White "LaurieTournier"]
[Black "tahlJr"]
[Result "0-1"]
[WhiteElo "1781"]
[BlackElo "2323"]

1. e4 d5 2. exd5 Qxd5 3. Nc3 Qa5 4. d4 Nf6 5. Nf3 Bg4 6. h3 Bh5 7. g4 Bg6 8. Ne5
e6 9. h4 Bb4 10. Bd2 Nbd7 11. Nxd7 Kxd7 12. h5 Be4 13. f3 Bc6 14. a3 Bxc3 15.
Bxc3 Qd5 16. Be2 Nxg4 17. Rg1 Ne3 18. Qd2 Nf5 19. O-O-O Rad8 20. Kb1 Rhg8 21.
Qf4 Kc8 22. Rde1 Rd7 0-1

[Event "AUTO-OPEN-1012"]
[Site "http://www.queenalice.com/game.php?id=438049"]
[Date "2008.7.24"]
[Round "2"]
[White "tahlJr"]
[Black "LaurieTournier"]
[Result "1-0"]
[WhiteElo "2328"]
[BlackElo "1663"]

1. e4 e6 2. d4 d5 3. Nc3 Nf6 4. Bg5 Bb4 5. e5 h6 6. exf6 hxg5 7. fxg7 Rg8 8. Qd3
Rxg7 9. Nf3 Nc6 10. O-O-O Bd7 11. h3 Qf6 12. a3 Bd6 13. Re1 O-O-O 14. g3 Na5 15.
Qe3 Qg6 16. Bd3 Qf6 17. Kb1 Bc6 18. Ne5 Bxe5 19. Qxe5 Qxe5 20. Rxe5 Rh8 21. b4
1-0

[Event "AUTO-OPEN-1012"]
[Site "http://www.queenalice.com/game.php?id=438052"]
[Date "2008.7.24"]
[Round "2"]
[White "theblackfox"]
[Black "tahlJr"]
[Result "0-1"]
[WhiteElo "1737"]
[BlackElo "2318"]

1. e4 c6 2. d4 d5 3. Nc3 dxe4 4. Nxe4 Bf5 5. Qf3 e6 6. Bf4 Qxd4 7. Bd3 Qxb2 8.
Be5 Qxe5 9. Ne2 Qxa1+ 10. Kd2 Qxh1 11. Nd4 Bxe4 12. Qxe4 Nf6 13. Qe1 Bb4+ 14. c3
Bxc3+ 15. Kxc3 Qxe1+ 16. Kc4 Qc1+ 17. Kb4 Nd5+ 18. Ka4 b5+ 19. Bxb5 Qd2 20.
Bxc6+ Nxc6 21. Nxc6 Rb8 22. Nxb8 Qb4# 0-1

[Event "AUTO-OPEN-1012"]
[Site "http://www.queenalice.com/game.php?id=438053"]
[Date "2008.7.24"]
[Round "2"]
[White "tahlJr"]
[Black "theblackfox"]
[Result "1-0"]
[WhiteElo "2327"]
[BlackElo "1819"]

1. e4 e5 2. Nf3 Nc6 3. Bc4 f6 4. O-O Bc5 5. c3 Nh6 6. d4 exd4 7. cxd4 Bb4 8. e5
d5 9. exf6 gxf6 10. Bb5 Bd7 11. Bxc6 Bxc6 12. Bxh6 Qd6 13. a3 Bb5 14. axb4 Bxf1
15. Qxf1 Qxb4 16. Nc3 Qxb2 17. Qe1+ Kd8 18. Nxd5 Re8 19. Qc1 Qxc1+ 20. Rxc1 c6
21. Nxf6 Re6 22. Bg5 Kc7 23. d5 Rd6 24. Bf4 Rf8 25. Bxd6+ Kxd6 26. dxc6 bxc6 27.
Nxh7 Ra8 28. Nhg5 a5 29. Nd4 c5 30. Nb5+ Kc6 31. Ne6 Kxb5 32. Nc7+ Kb4 33. Nxa8
a4 34. h4 a3 35. h5 Kb3 36. h6 a2 37. h7 Kb2 38. Rf1 a1=Q 39. h8=Q+ Ka2 40.
Qxa1+ Kb3 41. Rb1+ Kc2 42. Qb2+ Kd3 43. Qb5+ c4 44. Rc1 Kd4 45. Rxc4+ Kd3 46.
Qd5+ Ke2 47. Re4# 1-0

[Event "AUTO-MASTER-471"]
[Site "http://www.queenalice.com/game.php?id=461067"]
[Date "2008.9.10"]
[Round "2"]
[White "patzfish"]
[Black "tahlJr"]
[Result "0-1"]
[WhiteElo "2206"]
[BlackElo "2333"]

1. e4 c6 2. d4 d5 3. exd5 cxd5 4. c4 Nf6 5. Nc3 e6 6. Nf3 Be7 7. cxd5 Nxd5 8.
Bd3 Nc6 9. O-O O-O 10. Re1 Bf6 11. Be4 Nce7 12. Ne5 Ng6 13. Qh5 Bxe5 14. dxe5
Nxc3 15. bxc3 Qa5 16. Re3 f5 17. Rh3 Qxe5 18. Qxh7+ Kf7 19. Rg3 Qxg3 20. hxg3
Rh8 21. Qxh8 Nxh8 22. Bf3 e5 23. Bd5+ Kf6 0-1

[Event "AUTO-MASTER-471"]
[Site "http://www.queenalice.com/game.php?id=461068"]
[Date "2008.9.10"]
[Round "2"]
[White "tahlJr"]
[Black "patzfish"]
[Result "1-0"]
[WhiteElo "2333"]
[BlackElo "2214"]

1. e4 e5 2. Nf3 Nc6 3. Bc4 Bc5 4. O-O Nf6 5. d4 exd4 6. e5 d5 7. exf6 dxc4 8.
fxg7 Rg8 9. Re1+ Be6 10. Ng5 Qd5 11. Nc3 Qf5 12. Nce4 O-O-O 13. Qf3 Be7 14. Qxf5
Bxf5 15. Nxf7 Rd7 16. Nh6 1-0

[Event "AUTO-MASTER-471"]
[Site "http://www.queenalice.com/game.php?id=461075"]
[Date "2008.9.10"]
[Round "2"]
[White "tahlJr"]
[Black "andrevillares"]
[Result "1-0"]
[WhiteElo "2331"]
[BlackElo "1960"]

1. e4 c6 2. d4 d5 3. e5 Bf5 4. g4 Be4 5. f3 Bg6 6. h4 h5 7. e6 Qd6 8. exf7+ Bxf7
9. Ne2 e5 10. dxe5 Qxe5 11. g5 Bc5 12. Nc3 Ne7 13. Bf4 Qe6 14. Bh3 Qg6 15. Qd2
O-O 16. Na4 Bd6 17. O-O-O Na6 18. Rhe1 Nb4 19. a3 Na2+ 20. Kb1 1-0

[Event "AUTO-MASTER-471"]
[Site "http://www.queenalice.com/game.php?id=461076"]
[Date "2008.9.10"]
[Round "2"]
[White "andrevillares"]
[Black "tahlJr"]
[Result "0-1"]
[WhiteElo "1958"]
[BlackElo "2332"]

1. d4 d5 2. c4 e6 3. Nc3 Nf6 4. Nf3 Be7 5. Bg5 O-O 6. e3 b6 7. cxd5 exd5 8. Bd3
Nbd7 9. Rc1 Bb7 10. O-O c5 11. dxc5 bxc5 12. Qe2 Re8 13. Rfd1 h6 14. Bxf6 Bxf6
15. Bb5 a6 16. Bxd7 Qxd7 17. Qd3 d4 18. exd4 cxd4 19. Ne2 Be4 0-1

[Event "AUTO-OPEN-1012"]
[Site "http://www.queenalice.com/game.php?id=478319"]
[Date "2008.10.17"]
[Round "3"]
[White "tahlJr"]
[Black "silverado"]
[Result "1-0"]
[WhiteElo "2329"]
[BlackElo "1894"]

1. e4 e5 2. Nf3 Nc6 3. Bc4 Nd4 4. Nxd4 exd4 5. O-O Bc5 6. Bxf7+ Kxf7 7. Qh5+ g6
8. Qxc5 d6 9. Qxd4 Nf6 10. d3 h6 11. Nc3 c5 12. Qe3 Be6 13. e5 Ng4 14. Qf3+ Kg8
15. exd6 Rb8 16. Ne4 Kh7 17. Nxc5 Bf5 18. h3 Ne5 19. Qe3 Qxd6 20. Ne4 Qe7 21.
Qxh6+ Kg8 22. Qg5 Qc7 23. Ng3 Rf8 24. Bf4 Bxh3 25. Bxe5 Qc5 26. Qxg6# 1-0

[Event "AUTO-OPEN-1012"]
[Site "http://www.queenalice.com/game.php?id=478320"]
[Date "2008.10.17"]
[Round "3"]
[White "silverado"]
[Black "tahlJr"]
[Result "0-1"]
[WhiteElo "1913"]
[BlackElo "2330"]

1. d4 d5 2. c4 e6 3. c5 e5 4. e3 c6 5. Qc2 Nh6 6. dxe5 Nd7 7. Nf3 Nxc5 8. Nc3
Bf5 9. Qd2 Qc7 10. h3 Ne4 11. Qd3 Nxf2 12. Qe2 Nxh1 13. g4 Ng3 14. Qg2 Nxf1 15.
gxf5 Nxe3 16. Bxe3 Nxf5 17. Bf4 d4 18. Ne4 Bb4+ 19. Kf2 O-O-O 20. Nfg5 h6 21.
Nd6+ Nxd6 22. exd6 Bxd6 23. Qg4+ Kb8 24. Bxd6 Rxd6 25. Ne4 Rd5 26. Qxg7 Qf4+ 27.
Kg1 Qe3+ 28. Kh2 Re8 29. Nf6 Qf2+ 30. Kh1 Qf3+ 31. Kh2 Re2+ 32. Kg1 Rg5+ 0-1

[Event "AUTO-MASTER-472"]
[Site "http://www.queenalice.com/game.php?id=509312"]
[Date "2008.12.17"]
[Round "2"]
[White "mariolusena"]
[Black "tahlJr"]
[Result "1-0"]
[WhiteElo "2393"]
[BlackElo "2343"]

1. Nc3 d5 2. d4 Nf6 3. Bf4 c6 4. Nf3 Bf5 5. e3 Nbd7 6. Bd3 Bxd3 7. cxd3 Qb6 8.
O-O Qxb2 9. Ne2 Qa3 10. Rb1 Nb6 11. Bc7 Nfd7 12. Ne5 Nxe5 13. dxe5 Qa4 14. Bxb6
Qxd1 15. Rfxd1 axb6 16. Rxb6 Rxa2 17. Rxb7 e6 18. Rdb1 Be7 19. Nd4 c5 20. Nc6
1-0

[Event "AUTO-MASTER-472"]
[Site "http://www.queenalice.com/game.php?id=509313"]
[Date "2008.12.17"]
[Round "2"]
[White "tahlJr"]
[Black "mariolusena"]
[Result "1/2-1/2"]
[WhiteElo "2341"]
[BlackElo "2395"]

1. e4 e5 2. Nf3 Nc6 3. Bc4 Bc5 4. O-O Nf6 5. d4 Bxd4 6. Nxd4 Nxd4 7. Bg5 O-O 8.
f4 Qe7 9. fxe5 Qxe5 10. Bxf6 gxf6 11. c3 Nc6 12. Bd5 d6 13. Na3 Bd7 14. Nc4 Qg5
15. Qb3 b5 16. Qxb5 Ne5 17. Qa6 Bc8 18. Qa4 Bd7 19. Qa6 Bc8 20. Qa4 1/2-1/2

[Event "AUTO-MASTER-472"]
[Site "http://www.queenalice.com/game.php?id=509316"]
[Date "2008.12.17"]
[Round "2"]
[White "tahlJr"]
[Black "StenioVS"]
[Result "1-0"]
[WhiteElo "2341"]
[BlackElo "2172"]

1. e4 d6 2. d4 e5 3. dxe5 dxe5 4. Qxd8+ Kxd8 5. Nf3 Bd6 6. Bc4 Be6 7. Bxe6 fxe6
8. Bg5+ Nf6 9. Nc3 a6 10. O-O-O Ke7 11. a3 Nd7 12. Nd2 b5 13. Nb3 b4 14. axb4
Bxb4 15. Na2 a5 16. f3 Bd6 17. Nd2 a4 18. Nc4 a3 19. b4 Rhb8 20. c3 Ra6 21. Kc2
Nb6 22. Nxb6 cxb6 23. c4 h6 24. Be3 b5 25. c5 Bc7 26. Kb3 Nh5 27. Rd2 Nf4 28.
Rhd1 Rd8 29. Rxd8 Bxd8 30. Bxf4 exf4 31. Nc3 1-0

[Event "AUTO-MASTER-472"]
[Site "http://www.queenalice.com/game.php?id=509317"]
[Date "2008.12.17"]
[Round "2"]
[White "StenioVS"]
[Black "tahlJr"]
[Result "0-1"]
[WhiteElo "2153"]
[BlackElo "2348"]

1. d4 d5 2. c4 e6 3. Nf3 Nf6 4. g3 dxc4 5. Qa4+ Nc6 6. Bg2 Qd5 7. O-O Bd7 8. Nc3
Qa5 9. Qxc4 Bb4 10. Bg5 Nd5 11. Nxd5 exd5 12. Qb3 O-O 13. Bf4 Rfe8 14. a3 Bf8
15. Qxb7 Rab8 16. Qxc7 Qxc7 17. Bxc7 Rxb2 18. e3 Rc8 19. Bf4 Na5 20. a4 Nb3 21.
Rab1 Rxb1 22. Rxb1 Bxa4 23. Ne5 Rd8 24. Nd3 Nxd4 25. exd4 Bc2 26. Ra1 Bxd3 27.
Rxa7 h6 0-1